000 00633nam a22002417a 4500
003 UA-OsUOA
001 66186
007 ta
008 20091222b un ||||| |||| 00| 0 ukr d
100 _aСтефурак І.
090 _a821.161.2-2
_bС79
942 _cBK
040 _aUA-OsUOA
_bukr
_cUA-OsUOA
_dUA-OsUOA
245 _aКлючі Великого Ключева
_bПоезії
300 _a190 с.
955 _a3
041 _aukr
080 _a821.161.2-2
020 _a978-966-8207-78-5
260 _aК.
_c2007
650 7 _a82 Література. Літературознавство
_2UDC
999 _c352024
_d352024